Największe miasta w Hiszpanii z mapą - Statystyki

Ogólne statystyki
  • Ten quiz został rozwiązany 3 567 razy
  • Średni wynik to 9 z 20
Odpowiedzi na mapie
Odpowiedzi zakodowano w zielono-czerwonej skali na mapie do tego quizu, zgodnie z poniższymi procentami.
 
Statystyki odpowiedzi
Populacja Miasto % Poprawnych
1 627 559 Barcelona
100%
3 277 451 Madryt
100%
684 340 Sewilla
82%
345 749 Bilbao
81%
788 842 Walencja
78%
578 063 Malaga
65%
424 837 Palma
50%
681 430 Saragossa
50%
380 667 Las Palmas
44%
338 768 Alicante
39%
294 650 Vigo
39%
459 778 Murcja
32%
245 541 A Coruña
27%
235 566 Elche
27%
233 680 Granada
27%
322 327 Kordoba
26%
297 370 Valladolid
22%
269 311 Gijón
19%
252 953 Vitoria-Gasteiz
10%
265 003 L'Hospitalet de Llobregat
7%
Nie znaleziono quizów pasujących do podanych kryteriów
Rozkład punktacji
Procent ludzi z każdym wynikiem
Percentyl według liczby udzielonych odpowiedzi
Twoja historia wyników
Nie rozwiązałeś tego quizu